| 000 | 00715nam a22002295i 4500 | ||
|---|---|---|---|
| 001 | 168510 | ||
| 003 | ES-MaACL | ||
| 005 | 20250523062602.0 | ||
| 008 | 080416s2003 sp |||| | spa d | ||
| 020 | _a84-85708-64-4 | ||
| 080 | _a811.1/.2'01'36 | ||
| 100 | 1 |
_aGarcía Calvo, Agustín, _d1926-2012 _eaut _9233841 |
|
| 245 | 1 | 0 |
_aEs _b: estudio de gramática prehistórica / _cAgustín García Calvo. |
| 250 | _a1ª ed. | ||
| 260 |
_aZamora : _bLucina, _c2003. |
||
| 300 |
_a346 p. ; _c24 cm. |
||
| 504 | _aBibliografía: p. [335]-346. Índice. | ||
| 650 | 1 | 4 |
_aLengua protoindoeuropea- _xGramática. _9137594 |
| 852 |
_aES-MaACL _jL-29346 _9R.143379 |
||
| 942 | _2udc | ||
| 999 |
_c168510 _d168510 |
||